المعتزلة: (Record no. 7456)
[ view plain ]
| 000 -الفاتح | |
|---|---|
| حقل البيانات ثابتة الطول | 00666nac a22001691u 4500 |
| 008 - عناصر البيانات ثابتة الطول - معلومات عامة | |
| حقل البيانات ثابتة الطول | 101025s xxu||||| |||| 00| 0 ara d |
| 020 ## - الرقم الدولى المعيارى للكتب | |
| الرقم الدولى المعيارى للكتاب | 9770303070 |
| 082 ## - رقم تصنيف ديوى العشرى | |
| رقم التصنيف | 246 |
| رقم المادة | ع ل ى |
| 100 1# - المدخل الرئيسى - إسم شخصى | |
| الإسم الشخصى | على ، عصام الدين محمد |
| 9 (RLIN) | 20617 |
| 245 ## - بيان العنوان | |
| العنوان | المعتزلة: |
| بقية العنوان | فرسان علم الكلام / |
| بيان المسئوليه,etc | عصام الدين محمد على |
| 260 ## - PUBLICATION, DISTRIBUTION, ETC. (IMPRINT) | |
| مكان الناشر او الموزع | الإسكندرية : |
| اسم الناشر او الموزع | منشأة المعارف ، |
| تاريخ النشر أو التوزيع | [د.ت]. |
| 300 ## - الوصف المادى | |
| التعداد | 572 ص ؛ |
| أبعاد الوعاء | 24 سم. |
| 490 ## - بيان السلسلة | |
| -- | 20618 |
| عنوان السلسلة | أصول الفلسفة الاسلامية |
| 504 ## - تبصرة ببليوجرافية | |
| تبصرة ببليوجرافية,الخ | يشتمل على إرجاعات ببليوجرافية ص 567-569 |
| 511 ## - | |
| -- | Catalogued by: Sara |
| 942 ## - عناصر المدخل الإضافي( كوها) | |
| Koha [default] item type | Book - Borrowing |
| سابقة رقم الطلب | 246 ع ل ى |
| مصدر التصنيف او مخطط الترفيف | Dewey Decimal Classification |
| حالة التراجع | حالة الفقد | مصدر التصنيف او خطة الترفيف | حالة تلف | ليس للاعارة | مجموعات كوها | المكان الدائم | المكان الحالي | موقع الترفيف | تاريخ الاكتساب | Source of acquisition | رقم الاستدعاء | الباركود | Date last seen | نوع الوعاء |
|---|---|---|---|---|---|---|---|---|---|---|---|---|---|---|
| Dewey Decimal Classification | Alef-Baa | Central Library | Central Library | Lower Floor | 24/01/2008 | 246 ع ل ى | 000008895 | 15/07/2025 | Book - Borrowing |